Knowledge Spaces /

Guardado en:
Bibliografiske detaljer
Hovedforfatter: Doignon, Jean-Paul (autor)
Andre forfattere: Falmagne, Jean-Claude (autor) (autor)
Format: Bog
Sprog:engelsk
Udgivet: Berlín, Alemania : Springer, 1999, c1999
Fag:
Tags: Tilføj Tag
Ingen Tags, Vær først til at tagge denne postø!

MARC

LEADER 00000nam^a2200000^a^4500
001 000156673
005 20250521000000.0
009 20260310100511.606
020 |a 3-540-64501-2 
037 |a Acervo ITESO - Biblioteca 
041 |a ING 
082 |a 006. 35  |b DOI 
100 |a Doignon, Jean-Paul  |e (autor) 
245 1 0 |a Knowledge Spaces /  |c J.P. Doignon, J.C. Falmagne. 
264 4 |a Berlín, Alemania :  |b Springer,  |c 1999, c1999 
300 |a XV, 333 p. 
336 |a texto  |b txt  |2 rdacontenido 
337 |a sin mediación  |b n  |2 rdamedio 
338 |a volumen  |b nc  |2 rdasoporte 
649 |a XX 
650 |a Conocimiento 
650 |a Lenguajes de Programación 
650 |a Algoritmos 
650 |a Espacios Generalizados 
650 |a Procesos de Markov 
650 |a Grupos -  |x Teoría 
650 |a Procesos Estocásticos 
650 |a Métodos de Simulación 
650 |a Lógica Matemática 
650 |a Probabilidad 
650 |a Matemáticas 
650 |a Inteligencia Artificial 
650 |a Informática 
650 |a Ingeniería Computacional 
700 |a Falmagne, Jean-Claude  |e (autor) 
910 |a Fondo General 
920 |a Impresos - Libros 
930 |a Colección General 
905 |a 101 
901 |a 0500085191  |b IT1  |c ACC  |u 20250521 
902 |a https://opac.biblio.iteso.mx/vufind/Record/000156673